Cartografía histórica de la nueva Galicia / (Record no. 41116)

MARC details
000 -LEADER
campo de control de longitud fija 00734nam a2200205 i 4500
001 - NÚMERO DE CONTROL
campo de control 41116
003 - IDENTIFICADOR DE NÚMERO DE CONTROL
campo de control ES-MaACL
005 - FECHA Y HORA DE LA ÚLTIMA TRANSACCIÓN
campo de control 20230906160357.0
007 - CAMPO FIJO DE DESCRIPCIÓN FÍSICA--INFORMACIÓN GENERAL
campo de control de longitud fija t|
008 - DATOS DE LONGITUD FIJA--INFORMACIÓN GENERAL
campo de control de longitud fija 030310s1984 mx ||||1| spa d
020 ## - NÚMERO INTERNACIONAL ESTÁNDAR DEL LIBRO
Número Internacional Estándar del Libro 968-57-0138-5
245 00 - MENCIÓN DEL TÍTULO
Título Cartografía histórica de la nueva Galicia /
Mención de responsabilidad, etc. José Antonio Calderón Quijano, director.
260 ## - PUBLICACIÓN, DISTRIBUCIÓN, ETC.
Lugar de publicación, distribución, etc. Guadalajara (México) :
Nombre del editor, distribuidor, etc. Universidad ;
Lugar de publicación, distribución, etc. Sevilla :
Nombre del editor, distribuidor, etc. Escuela de Estudios Hispano-Americanos,
Fecha de publicación, distribución, etc. 1984.
300 ## - DESCRIPCIÓN FÍSICA
Extensión XXXVI, 421 p. :
Otras características físicas principalmente mapas ;
Dimensiones 30 cm.
500 ## - NOTA GENERAL
Nota general Ded. autográf. del director.
504 ## - NOTA DE BIBLIOGRAFÍA, ETC.
Nota de bibliografía, etc. Bibliografía. Indice.
651 #4 - PUNTO DE ACCESO ADICIONAL DE MATERIA--NOMBRE GEOGRÁFICO
Nombre geográfico Nueva Galicia-
Subdivisión de forma Mapas.
9 (RLIN) 170268
700 1# - ENTRADA AGREGADA--NOMBRE PERSONAL
Nombre de persona Calderón Quijano, José Antonio.
9 (RLIN) 33626
852 ## - LOCALIZACIÓN
Ubicación ES-MaACL
Número de control de estantería C-2275
Holdings
Estatus retirado Estado de pérdida Estado de daño No para préstamo Biblioteca de origen Biblioteca actual Ubicación en estantería Fecha de adquisición Fuente de adquisición Total de préstamos Signatura topográfica completa Código de barras Visto por última vez Precio de reemplazo Tipo de ítem Koha
        Biblioteca del Ateneo de Madrid Biblioteca del Ateneo de Madrid Sala Palomar 17/01/2008     C-2275 1043287 23/02/2023 23/02/2023 Libro impreso